[Event "2nd Kalyan Dombivali 2019"]
[Site "Kalyan"]
[Date "2019.02.03"]
[Round "10"]
[White "Pethe Varad"]
[Black "Pednekar Ayush"]
[Result "1/2-1/2"]
[WhiteElo "1359"]
[BlackElo "1501"]
[Annotator "NA RC"]
[PlyCount "63"]
[EventDate "2019.01.28"]
[EventType "swiss"]
[EventRounds "10"]
[EventCountry "IND"]
[SourceTitle "playchess.com"]
[Source "ChessBase"]
[SourceQuality "1"]
[TimeControl "5400+30"]

1. d4 {[%emt 0:00:00]} f5 {[%emt 0:00:00]} 2. c4 {[%emt 0:00:07]} Nf6 {[%emt 0:00:00]} 3. Nc3 {[%emt 0:00:19]} g6 {[%emt 0:00:20]} 4. Bg5 {[%emt 0:00:36]} Bg7 {[%emt 0:00:06]} 5. e3 {[%emt 0:00:48]} b6 {[%emt 0:00:19]} 6. Nf3 {[%emt 0:03:56]} Bb7 {[%emt 0:00:42]} 7. Bd3 {[%emt 0:00:39]} e6 {[%emt 0:10:52]} 8. e4 {[%emt 0:03:00]} h6 {[%emt 0:07:15]} 9. Bxf6 {[%emt 0:03:07]} Bxf6 {[%emt 0:02:05]} 10. exf5 {[%emt 0:00:45]} exf5 {[%emt 0:02:43]} 11. Qe2+ {[%emt 0:00:33]} Kf7 {[%emt 0:10:37]} 12. O-O {[%emt 0:02:15]} Re8 {[%emt 0:02:27]} 13. Qd1 {[%emt 0:00:09]} Bxf3 {[%emt 0:02:40]} 14. Qxf3 {[%emt 0:00:21]} Nc6 {[%emt 0:01:18]} 15. Ne2 {[%emt 0:05:24]} Kg7 {[%emt 0:01:45]} 16. Rad1 {[%emt 0:01:08]} Kh7 {[%emt 0:18:42]} 17. a3 {[%emt 0:00:52]} Rf8 {[%emt 0:01:26]} 18. Bc2 {[%emt 0:01:04]} Qe7 {[%emt 0:01:40]} 19. Ba4 {[%emt 0:02:14]} Rae8 {[%emt 0:03:59]} 20. Nc3 {[%emt 0:13:57]} Nxd4 {[%emt 0:05:05]} 21. Qf4 {[%emt 0:00:01]} Be5 {[%emt 0:03:39]} 22. Qe3 {[%emt 0:01:19]} f4 {[%emt 0:03:22]} 23. Qe4 {[%emt 0:04:13]} c5 {[%emt 0:04:18]} 24. f3 {[%emt 0:01:24]} Rf5 {[%emt 0:03:31]} 25. Kh1 {[%emt 0:02:15]} Rb8 {[%emt 0:01:55]} 26. Ne2 {[%emt 0:01:49]} Qe6 {[%emt 0:04:20]} 27. Rfe1 {[%emt 0:03:48]} Qd6 28. Nxd4 cxd4 29. Qd5 Qxd5 30. cxd5 d6 31. Rc1 Rf7 32. Ra1 1/2-1/2